Planètes dans Star Wars - Statistiques

Statistiques générales
  • Ce quiz a été pris 217 fois
  • Le résultat moyen est 9 sur 12
Statistiques - réponses
Par images Réponse % Correct
Tatooine
97%
Naboo
93%
Mustafar
89%
Coruscant
88%
Endor
87%
Hoth
87%
Kamino
78%
Geonosis
74%
Jakku
69%
Alderaan
66%
Bespin
61%
Kashyyyk
50%
Aucun quiz correspondant
Distribution des résultats
% des personnes avec chaque résultat
Percentile par nombre de réponses
Votre historique - résultats
Vous n’avez pas pris ce quiz